000 00645nam a2200181Ia 4500
008 100920s9999 xx 000 0 und d
082 _b106245
_a891.43 न 08
100 _aसंपा:शर्मा पद्रमजा.
245 _aजीवन के कितने पाठ.
260 _bसुर्य प्रकाशन मंदिर,बीकानेर.
_c2008
300 _a107
_bसाधी
365 _b135
520 _aहिंदी.
630 _aजीवन के कितने पाठ.
650 _aहिंदी.
730 _aजीवन के कितने पाठ.
942 _cBOOK
999 _c746676
_d746673